Szczegóły MARC21

Finanse publiczne : komentarz praktyczny : praca zbiorowa /

005 -DATA I CZAS OSTATNIEJ MODYFIKACJI [,]
    • @
    • pole kontrolne
    • 20140306082013.0
020 -Międzynarod. znormalizowany nr książki - ISBN [ , ]
    • a
    • Numer ISBN
    • 9788378041184 Find
040 -Instytucja sporządzająca opis [ , ]
    • a
    • Instytucja, która sporządziła opis (NP)
    • SZCZ U/JG
    • c
    • Instytucja, która sporządziła rekord (NP)
    • SZCZ U/JG
    • d
    • Instytucja, która zmodyfikowała rekord (P)
    • SZCZ U/ML
041 -Język dokumentu [0, ]
    • a
    • Język tekstu (P)
    • polski
044 -Kraj miejsca wydania [ , ]
    • a
    • Kraj miejsca wydania
    • Polska
942 -Rodzaj dokumentu [ , ]
    • c
    • Rodzaj dokumentu
    • Książka
245 -Strefa tytułu i oznaczenia odpowiedzialności [0,0]
    • a
    • Tytuł
    • Finanse publiczne : Find
    • b
    • Ciąg dalszy tytułu (NP)
    • komentarz praktyczny : praca zbiorowa / Find
    • c
    • Pozostałe elementy strefy tytułu i oznaczenia odpowiedzialności (NP)
    • pod red. Eugeniusza Ruśkowskiego i Joanny M. Salachny ; [koment. oprac. Paweł J. Lewkowicz et al.].
250 -Strefa wydania [ , ]
    • a
    • Oznaczenie wydania (NP)
    • [Stan prawny na r. 2013].
260 -Strefa adresu wydawniczego [ , ]
    • a
    • Miejsce wydania (P)
    • Gdańsk :
    • b
    • Nazwa wydawcy (P)
    • ODDK,
    • c
    • Data wydania (P)
    • 2013.
300 -Strefa opisu fizycznego [ , ]
    • a
    • Określenie formy książki i/lub objętość (NP)
    • 1244 s. ;
    • c
    • Format (NP)
    • 24 cm +
    • e
    • Oznaczenie dokumentu towarzyszącego (NP)
    • CD-ROM.
500 -Uwaga ogólna [ , ]
    • a
    • Uwaga ogólna (NP)
    • Płyta CD zawiera suplement elektroniczny z "Komentarzem" w formacie PDF z hiperłączami przemieszczającymi między art. ustawy, który można edytować i drukować.
504 -Uwaga dot. bibliogr. załącznikowej [ , ]
    • a
    • Uwaga dot. bibliografii załącznikowej
    • Bibliogr. s. 1217-1234. Indeks.
080 -Uniwersalna Klasyfikacja Dziesiętna [ , ]
    • 2
    • Identyfikator wydania tablic
    • UDC-P058
    • 9
    • UKD
    • 3558
    • a
    • Symbol klasyfikacji
    • 347.73
    • b
    • Dopowiedzenie
    • Instytucje handlowe. Prawo finansowe.
    • 4
    • UKD2
    • 7642
    • x
    • Poddział wspólny
    • (438)
    • c
    • Dopowiedzenie poddz. wspólnego
    • (Polska).
    • 4
    • UKD2
    • 7987
    • x
    • Poddział wspólny
    • (094.5.072)
    • c
    • Dopowiedzenie poddz. wspólnego
    • (Interpretacje ustaw. Komentarze. Przepisy wykonawcze).
080 -Uniwersalna Klasyfikacja Dziesiętna [ , ]
    • 2
    • Identyfikator wydania tablic
    • UDC-P058
    • 9
    • UKD
    • 3124
    • a
    • Symbol klasyfikacji
    • 336.1
    • b
    • Dopowiedzenie
    • Finanse publiczne. Finanse państwowe ogólnie.
    • 4
    • UKD2
    • 7642
    • x
    • Poddział wspólny
    • (438)
    • c
    • Dopowiedzenie poddz. wspólnego
    • (Polska).
    • 4
    • UKD2
    • 7987
    • x
    • Poddział wspólny
    • (094.5.072)
    • c
    • Dopowiedzenie poddz. wspólnego
    • (Interpretacje ustaw. Komentarze. Przepisy wykonawcze).
980 -Symbol UKD [ , ]
    • a
    • UKD
    • 347.73::336.1](438)(094.5.072)
700 -Hasło dodatkowe - nazwa osobowa [1, ]
    • 9
    • KHW
    • 18130
    • a
    • Nazwa osobowa (NP)
    • Ruśkowski, Eugeniusz Find
    • d
    • Daty biograficzne (NP)
    • (1951- ).
700 -Hasło dodatkowe - nazwa osobowa [1, ]
    • 9
    • KHW
    • 20980
    • a
    • Nazwa osobowa (NP)
    • Salachna, Joanna. Find
700 -Hasło dodatkowe - nazwa osobowa [1, ]
    • 9
    • KHW
    • 27839
    • a
    • Nazwa osobowa (NP)
    • Lewkowicz, Paweł Janusz. Find
710 -Hasło dodatkowe - nazwa ciała zbiorowego [2, ]
    • 4
    • Kod relacji
    • pbl
    • 9
    • KHW
    • 53467
    • a
    • Nazwa ciała zbiorowego lub nazwa geograficzna jako pierwszy element (NP)
    • Ośrodek Doradztwa i Doskonalenia Kadr (Gdańsk).
920 -ISBN [ , ]
    • a
    • ISBN
    • 978-83-7804-118-4 Find
Data inwentaryzacji Lokalizacja Sygnatura Numer inwentarzowy Status udost.
2014-02-14TT.14685T.14685-2